LEADER 02343 am 2200553 n 450 001 9910418037303321 005 20200708 010 $a2-7535-8142-8 024 7 $a10.4000/books.pur.142178 035 $a(CKB)4100000011343892 035 $a(FrMaCLE)OB-pur-142178 035 $a(oapen)https://directory.doabooks.org/handle/20.500.12854/54849 035 $a(PPN)24889420X 035 $a(EXLCZ)994100000011343892 100 $a20200709j|||||||| ||| 0 101 0 $afre 135 $auu||||||m|||| 181 $ctxt$2rdacontent 182 $cc$2rdamedia 183 $acr$2rdacarrier 200 10$aNouvelles figures de la filiation $ePerspectives croisées entre sociologie et psychanalyse /$fClaudine Veuillet-Combier, Emmanuel Gratton 210 $aRennes $cPresses universitaires de Rennes$d2020 215 $a1 online resource (172 p.) 311 $a2-7535-5477-3 330 $aCet ouvrage confronte les regards de plusieurs chercheurs universitaires français et étrangers sur la question de la filiation et son expression contemporaine. La question de la famille, de la parentalité, des liens qui nous unissent les uns aux autres est au centre de la réflexion pour pointer une évolution des modèles qui introduit un changement dans les représentations. À l?heure du XXIe siècle, qu?est-ce qu?un père, qu?est-ce qu?une mère, qu?est-ce qui fonde le lien de filiation, nous « fait fils de » ou « fille de » ? 606 $aPsychology, Social 606 $afamille 606 $aparentalité 610 $aparentalité 610 $afamille 615 4$aPsychology, Social 615 4$afamille 615 4$aparentalité 700 $aBarus-Michel$b Jacqueline$01316240 701 $aCanellopoulos$b Lissy$01316241 701 $aCoum$b Daniel$01290502 701 $aFreire de Queiroz$b Edilene$01316242 701 $aGratton$b Emmanuel$01316243 701 $aKatz$b Muriel$01316244 701 $aMassa$b Ana$01316245 701 $aSellenet$b Catherine$01302020 701 $aVeuillet-Combier$b Claudine$01316246 701 $aVeuillet-Combier$b Claudine$01316246 701 $aGratton$b Emmanuel$01316243 801 0$bFR-FrMaCLE 906 $aBOOK 912 $a9910418037303321 996 $aNouvelles figures de la filiation$93032627 997 $aUNINA LEADER 03364oas 2201345 a 450 001 9910154504503321 005 20251024110027.0 011 $a1568-5683 035 $a(DE-599)ZDB2043635-X 035 $a(OCoLC)52322101 035 $a(CONSER) 2006242160 035 $a(CKB)954927621090 035 $a(DE-599)2043635-X 035 $a(EXLCZ)99954927621090 100 $a20030527b19852009 sy a 101 0 $aeng 135 $aurun||||||||| 181 $ctxt$2rdacontent 182 $cc$2rdamedia 183 $acr$2rdacarrier 200 10$aSpatial vision 210 $aUtrecht, the Netherlands $cVNU Science Press$d1985-2009 210 2 $a[Leiden] $cVSP 210 3 $aLeiden $cKoninklijke Brill NV 300 $aRefereed/Peer-reviewed 311 08$a0169-1015 606 $aSpace perception$vPeriodicals 606 $aVisual perception$vPeriodicals 606 $aVision$vPeriodicals 606 $aSpace perception 606 $aVision 606 $aVisual perception 606 $aSpace Perception 606 $aVision, Ocular 606 $aVisual Perception 606 $aPerception spatiale$vPe?riodiques 606 $aPerception visuelle$vPe?riodiques 606 $aVision$vPe?riodiques 606 $aPerception spatiale 606 $aVision 606 $aPerception visuelle 606 $aspace perception$2aat 606 $asight (sense)$2aat 606 $avisual perception$2aat 606 $aSpace perception$2fast$3(OCoLC)fst01127772 606 $aVision$2fast$3(OCoLC)fst01167852 606 $aVisual perception$2fast$3(OCoLC)fst01168049 606 $aRuimtelijke waarneming$2gtt 608 $aFulltext. 608 $aInternet Resources. 608 $aPeriodicals. 608 $aPeriodicals.$2fast 615 0$aSpace perception 615 0$aVisual perception 615 0$aVision 615 0$aSpace perception. 615 0$aVision. 615 0$aVisual perception. 615 12$aSpace Perception. 615 12$aVision, Ocular. 615 12$aVisual Perception. 615 6$aPerception spatiale 615 6$aPerception visuelle 615 6$aVision 615 6$aPerception spatiale. 615 6$aVision. 615 6$aPerception visuelle. 615 7$aspace perception. 615 7$asight (sense) 615 7$avisual perception. 615 7$aSpace perception. 615 7$aVision. 615 7$aVisual perception. 615 17$aRuimtelijke waarneming. 676 $a152.14205 801 0$bTXU 801 1$bTXU 801 2$bOCLCQ 801 2$bOCL 801 2$bMYG 801 2$bOCLCQ 801 2$bEEM 801 2$bRBN 801 2$bMYG 801 2$bOCLCQ 801 2$bOCLCF 801 2$bUKBOL 801 2$bVT2 801 2$bEUW 801 2$bOCLCQ 801 2$bWT2 801 2$bOCLCQ 801 2$bLND 801 2$bCASUM 801 2$bOCLCO 801 2$bAU@ 801 2$bOCLCA 801 2$bU3W 801 2$bOCLCO 801 2$bSFB 801 2$bOCLCA 801 2$bOCLCQ 801 2$bLDP 801 2$bCUI 801 2$bCNMTR 801 2$bDLC 801 2$bOCLCO 801 2$bDYJ 801 2$bOCLCQ 801 2$bUAB 801 2$bQGK 906 $aJOURNAL 912 $a9910154504503321 996 $aSpatial vision$9786199 997 $aUNINA